书目信息 |
| 题名: |
罗克韦尔PLC控制技术
|
|
| 作者: | 王德吉 主编 | |
| 分册: | ||
| 出版信息: | 北京 机械工业出版社 2015.01 |
|
| 页数: | 296页 | |
| 开本: | 26cm | |
| 丛书名: | ||
| 单 册: | ||
| 中图分类: | TM571.61 | |
| 科图分类: | ||
| 主题词: | PLC技术--PLC ji shu | |
| 电子资源: | ||
| ISBN: | 978-7-111-47798-3 | |
| 000 | 00982nam0 2200241 450 | |
| 001 | CAL 0120141456171 | |
| 005 | 20150817125052.84 | |
| 010 | @a978-7-111-47798-3@dCNY59.00 | |
| 100 | @a20141219d2015 em y0chiy50 ea | |
| 101 | 0 | @achi |
| 102 | @aCN@b110000 | |
| 105 | @aa z 000yy | |
| 106 | @ar | |
| 200 | 1 | @a罗克韦尔PLC控制技术@Aluo ke wei er PLC kong zhi ji shu@f主编王德吉 |
| 210 | @a北京@c机械工业出版社@d2015.01 | |
| 215 | @a296页@c图@d26cm | |
| 330 | @a本书围绕罗克韦尔自动化公司控制平台的核心技术从不同角度予以阐述, 通过编程软件的操作过程, 展示了大量组态界面。在阐述参数设置定义和含义的同时, 说明了产品的功能和作用 ; 通过产品平台网络及通信方式的讨论, 描述了数据的交换过程 ; 通过高级运用的介绍, 拓展了标准化编程的理念 ; 通过第三方和传统产品的运用实例, 显现了产品的高度兼容。 | |
| 586 | @a | |
| 606 | 0 | @aPLC技术@APLC ji shu |
| 690 | @aTM571.61@v5 | |
| 701 | 0 | @a王德吉@Awang de ji@4主编 |
| 801 | 0 | @aCN@c20150820 |
| 905 | @a河南城建学院图书馆@dTM571.61@eW140@f2 | |
| 罗克韦尔PLC控制技术/主编王德吉.-北京:机械工业出版社,2015.01 |
| 296页:图;26cm |
| ISBN 978-7-111-47798-3:CNY59.00 |
| 本书围绕罗克韦尔自动化公司控制平台的核心技术从不同角度予以阐述, 通过编程软件的操作过程, 展示了大量组态界面。在阐述参数设置定义和含义的同时, 说明了产品的功能和作用 ; 通过产品平台网络及通信方式的讨论, 描述了数据的交换过程 ; 通过高级运用的介绍, 拓展了标准化编程的理念 ; 通过第三方和传统产品的运用实例, 显现了产品的高度兼容。 |
| ● |
| 相关链接 |
|
|
|
正题名:罗克韦尔PLC控制技术
索取号:TM571.61/W140
 
预约/预借
| 序号 | 登录号 | 条形码 | 馆藏地/架位号 | 状态 | 备注 |
| 1 | 1165062 | 211650621 | 自科库301/301自科库 14排1列3层/ [索取号:TM571.61/W140] | 在馆 | |
| 2 | 1165063 | 211650630 | 自科库301/301自科库 14排1列3层/ [索取号:TM571.61/W140] | 在馆 |